[Event "19. Wch 2009 Veteranos"]
[Site "Condino ITA"]
[Date "2009.11.05"]
[Round "9.82"]
[White "Cesati, Cassin Giorgio"]
[Black "Zanin, Umberto"]
[Result "1/2-1/2"]
[WhiteElo "1605"]
[BlackElo "1700"]
[PlyCount "59"]
[EventDate "2009.10.27"]
[EventType "swiss"]
[EventRounds "11"]
[EventCountry "ITA"]
[Source "lmi"]
[SourceDate "2009.10.27"]

1. e4 c5 2. Nc3 a6 3. g3 Nc6 4. Bg2 g6 5. Nge2 Bg7 6. O-O e6 7. d3 Nge7 8. Be3
d6 9. Qd2 O-O 10. Bh6 Rb8 11. Bxg7 Kxg7 12. f4 b5 13. a3 Bb7 14. d4 cxd4 15.
Nxd4 e5 16. Nxc6 Nxc6 17. Ne2 Qe7 18. Rad1 Rfd8 19. Qc3 Rbc8 20. Qf3 exf4 21.
Qxf4 Ne5 22. c3 h6 23. Nd4 Rc7 24. Nf3 f6 25. Nxe5 dxe5 26. Qf3 Bc8 27. Rxd8
Qxd8 28. Rd1 Rd7 29. Rxd7+ Qxd7 30. Bf1 1/2-1/2

[Event "19. Wch 2009 Veteranos"]
[Site "Condino ITA"]
[Date "2009.11.06"]
[Round "10.1"]
[White "Tseshkovsky, Vitaly"]
[Black "Klovans, Janis"]
[Result "0-1"]
[WhiteElo "2549"]
[BlackElo "2408"]
[PlyCount "80"]
[EventDate "2009.10.27"]
[EventType "swiss"]
[EventRounds "11"]
[EventCountry "ITA"]
[Source "lmi"]
[SourceDate "2009.10.27"]

1. e4 e5 2. Nf3 Nc6 3. Bb5 a6 4. Ba4 Nf6 5. O-O Be7 6. Re1 b5 7. Bb3 d6 8. c3
O-O 9. d4 Bg4 10. d5 Na5 11. Bc2 c6 12. h3 Bc8 13. dxc6 Qc7 14. Nbd2 Qxc6 15.
Nf1 Nc4 16. a4 Nb6 17. Bg5 Nxa4 18. Bxa4 bxa4 19. Ne3 Qxe4 20. Bxf6 Bxf6 21.
Qxd6 Bxh3 22. c4 Rfd8 23. Qc7 Rd3 24. Nf1 Qg4 25. Ng3 Bxg2 26. Nxe5 Bxe5 27.
Rxe5 Bf3 28. Rae1 h6 29. Qc5 Rd5 30. Qxd5 Bxd5 31. cxd5 Rd8 32. Kg2 Qd4 33. Nf5
Qxb2 34. d6 a3 35. R1e2 Qb1 36. Ra5 Qb4 37. Ree5 g6 38. Nxh6+ Kg7 39. Nxf7 Kxf7
40. Re7+ Kf6 0-1

[Event "19. Wch 2009 Veteranos"]
[Site "Condino ITA"]
[Date "2009.11.06"]
[Round "10.2"]
[White "Mishuchkov, Nikolai M"]
[Black "Cebalo, Miso"]
[Result "1/2-1/2"]
[WhiteElo "2379"]
[BlackElo "2500"]
[PlyCount "85"]
[EventDate "2009.10.27"]
[EventType "swiss"]
[EventRounds "11"]
[EventCountry "ITA"]
[Source "lmi"]
[SourceDate "2009.10.27"]

1. d4 Nf6 2. Nf3 e6 3. e3 c5 4. Bd3 b6 5. O-O Bb7 6. Nbd2 Nc6 7. Re1 Be7 8.
dxc5 bxc5 9. e4 d6 10. Nc4 Nb4 11. e5 dxe5 12. Ncxe5 Nxd3 13. Qxd3 Qxd3 14.
cxd3 Nd5 15. Bd2 f6 16. Nc4 Kf7 17. Na5 Rab8 18. Nxb7 Rxb7 19. b3 Rd8 20. d4
Nb4 21. Bxb4 cxb4 22. Rac1 Rd6 23. h4 Bd8 24. Rc4 a5 25. Rec1 Rbd7 26. Rc6 Bb6
27. Rxd6 Rxd6 28. Rc4 h5 29. Kf1 Kg6 30. Ke2 Kf5 31. a3 bxa3 32. Ra4 g5 33.
Rxa3 g4 34. Nd2 Rxd4 35. Nc4 Bc7 36. g3 e5 37. Nxa5 Bxa5 38. Rxa5 Rb4 39. Ra3
Rb6 40. Kd3 Rd6+ 41. Ke3 Rd1 42. Ra6 Rd6 43. Ra3 1/2-1/2

[Event "19. Wch 2009 Veteranos"]
[Site "Condino ITA"]
[Date "2009.11.06"]
[Round "10.3"]
[White "Rukavina, Josip"]
[Black "Kaufman, Larry C"]
[Result "1/2-1/2"]
[WhiteElo "2435"]
[BlackElo "2401"]
[PlyCount "67"]
[EventDate "2009.10.27"]
[EventType "swiss"]
[EventRounds "11"]
[EventCountry "ITA"]
[Source "lmi"]
[SourceDate "2009.10.27"]

1. c4 Nf6 2. Nf3 g6 3. Nc3 Bg7 4. e4 c5 5. d4 Qa5 6. Bd3 Ng4 7. Be2 cxd4 8.
Nxd4 Qc5 9. Bxg4 Bxd4 10. O-O Bxc3 11. bxc3 Qxc4 12. Qe1 Nc6 13. Bd1 Na5 14. f3
d6 15. Be3 O-O 16. e5 dxe5 17. Bh6 Qc5+ 18. Kh1 Rd8 19. f4 Nc4 20. f5 Bd7 21.
Bb3 Nd6 22. fxg6 hxg6 23. Qg3 Nc4 24. Bxc4 Qxc4 25. Qxe5 f6 26. Qxe7 Qf7 27.
Qxf6 Qxf6 28. Rxf6 Bf5 29. h3 Rd3 30. Re1 Rad8 31. Re7 R3d7 32. Rff7 Rxe7 33.
Rxe7 Rd7 34. Rxd7 1/2-1/2

[Event "19. Wch 2009 Veteranos"]
[Site "Condino ITA"]
[Date "2009.11.06"]
[Round "10.5"]
[White "Jorgensen, Jorgen"]
[Black "Chernikov, Oleg"]
[Result "0-1"]
[WhiteElo "2315"]
[BlackElo "2405"]
[PlyCount "106"]
[EventDate "2009.10.27"]
[EventType "swiss"]
[EventRounds "11"]
[EventCountry "ITA"]
[Source "lmi"]
[SourceDate "2009.10.27"]

1. Nf3 Nf6 2. g3 d5 3. Bg2 c6 4. b3 Bg4 5. Bb2 Nbd7 6. d3 e6 7. Nbd2 Bc5 8. c4
O-O 9. O-O Qe7 10. a3 a5 11. h3 Bh5 12. Qc2 Rfc8 13. e4 dxe4 14. dxe4 e5 15.
Nh4 Bg6 16. Rfe1 Nh5 17. Nf1 Nf4 18. Nxg6 Nxg6 19. Ne3 Ngf8 20. Nf5 Qf6 21. Kh2
Qd8 22. f4 Qc7 23. Qc3 Ng6 24. h4 f6 25. h5 Ne7 26. Nxe7+ Bxe7 27. Qf3 Nc5 28.
Rad1 Rd8 29. Bh3 Bd6 30. f5 Qb6 31. Re3 Bf8 32. h6 gxh6 33. Rxd8 Rxd8 34. Bc1
a4 35. b4 Nb3 36. c5 Qc7 37. Rc3 Nd4 38. Qh5 Nb5 39. Rc2 Qf7 40. Qh4 Nd4 41.
Rf2 Nb3 42. Bxh6 Bxh6 43. Qxh6 Rd3 44. Bf1 Rc3 45. Rd2 Nxd2 46. Qxd2 Qh5+ 47.
Bh3 Rxa3 48. Qd6 Ra2+ 49. Kg1 Qf7 50. Bf1 Rb2 51. Qd8+ Kg7 52. Qa5 a3 53. Qxa3
Qb3 0-1

[Event "19. Wch 2009 Veteranos"]
[Site "Condino ITA"]
[Date "2009.11.06"]
[Round "10.6"]
[White "Jacobsen, Bo"]
[Black "Van Riemsdijk, Herman C"]
[Result "1-0"]
[WhiteElo "2321"]
[BlackElo "2385"]
[PlyCount "89"]
[EventDate "2009.10.27"]
[EventType "swiss"]
[EventRounds "11"]
[EventCountry "ITA"]
[Source "lmi"]
[SourceDate "2009.10.27"]

1. Nf3 d5 2. b3 Nf6 3. Bb2 e6 4. e3 Be7 5. c4 O-O 6. Nc3 c5 7. d4 cxd4 8. Nxd4
a6 9. a3 dxc4 10. Bxc4 b5 11. Be2 Ra7 12. b4 Rd7 13. Qc2 Bb7 14. O-O Qb6 15.
Rac1 Rfd8 16. Rfd1 e5 17. Nf3 Bd6 18. Ng5 h6 19. Nge4 Be7 20. Bf3 Nxe4 21. Nxe4
Rxd1+ 22. Rxd1 Rxd1+ 23. Qxd1 Qc7 24. h3 Nd7 25. Nc3 Bxf3 26. Qxf3 Nb6 27. Nd5
Nxd5 28. Qxd5 Bf6 29. e4 Qc2 30. Bxe5 Qc1+ 31. Kh2 Qxa3 32. Bd6 Bc3 33. e5 Qb2
34. f4 Bd4 35. Qa8+ Kh7 36. Qe4+ g6 37. Bc5 Bxc5 38. bxc5 Qc1 39. c6 b4 40. f5
b3 41. fxg6+ fxg6 42. e6 b2 43. e7 b1=Q 44. Qxb1 Qxc6 45. Qb8 1-0

[Event "19. Wch 2009 Veteranos"]
[Site "Condino ITA"]
[Date "2009.11.06"]
[Round "10.7"]
[White "Sloth, Jorn"]
[Black "Suba, Mihai"]
[Result "0-1"]
[WhiteElo "2312"]
[BlackElo "2501"]
[PlyCount "69"]
[EventDate "2009.10.27"]
[EventType "swiss"]
[EventRounds "11"]
[EventCountry "ITA"]
[Source "lmi"]
[SourceDate "2009.10.27"]

1. c4 b6 2. Nf3 Bb7 3. e3 e6 4. b3 f5 5. Bb2 Nf6 6. Be2 Be7 7. O-O O-O 8. Nc3
a5 9. Rc1 Na6 10. d4 Ne4 11. Na4 d6 12. Ne1 Bg5 13. f4 Bf6 14. a3 c5 15. Nd3
Rb8 16. Nf2 Nc7 17. Nxe4 Bxe4 18. Nc3 Ba8 19. Qd2 Qe7 20. Rfd1 Rfd8 21. a4 cxd4
22. exd4 d5 23. Nb5 dxc4 24. bxc4 Nxb5 25. axb5 Rd7 26. Qe3 Rbd8 27. Ba3 Qf7
28. d5 exd5 29. Qxb6 dxc4 30. Rxd7 Qxd7 31. Bxc4+ Kh8 32. Qxa5 Qd4+ 33. Kh1
Bxg2+ 34. Kxg2 Qe4+ 35. Kf2 0-1

[Event "19. Wch 2009 Veteranos"]
[Site "Condino ITA"]
[Date "2009.11.06"]
[Round "10.10"]
[White "Vrhovnik, Damir"]
[Black "Gutman, Lev"]
[Result "0-1"]
[WhiteElo "2045"]
[BlackElo "2457"]
[PlyCount "28"]
[EventDate "2009.10.27"]
[EventType "swiss"]
[EventRounds "11"]
[EventCountry "ITA"]
[Source "lmi"]
[SourceDate "2009.10.27"]

1. c4 Nf6 2. Nc3 g6 3. g3 d5 4. cxd5 Nxd5 5. Bg2 Nxc3 6. bxc3 Bg7 7. Nf3 O-O 8.
O-O Nd7 9. Qc2 Nb6 10. d3 Bd7 11. Rb1 Ba4 12. Qd2 Bc6 13. Bb2 Qd7 14. c4 Bxf3
0-1

[Event "19. Wch 2009 Veteranos"]
[Site "Condino ITA"]
[Date "2009.11.06"]
[Round "10.11"]
[White "Danner, Georg"]
[Black "Clemens, Christian Dr"]
[Result "1-0"]
[WhiteElo "2440"]
[BlackElo "2331"]
[PlyCount "85"]
[EventDate "2009.10.27"]
[EventType "swiss"]
[EventRounds "11"]
[EventCountry "ITA"]
[Source "lmi"]
[SourceDate "2009.10.27"]

1. d4 f5 2. c4 Nf6 3. Nf3 e6 4. Nc3 Bb4 5. Qb3 Qe7 6. e3 b6 7. Be2 Bb7 8. O-O
Bxc3 9. Qxc3 d6 10. b3 Nbd7 11. Bb2 O-O 12. Rfd1 c5 13. dxc5 Nxc5 14. Qe1 Nfe4
15. Nd2 a5 16. f3 Ng5 17. Qg3 h6 18. Nb1 Rad8 19. Nc3 Rd7 20. Rd2 Rfd8 21. Bd1
Nh7 22. Bc2 Qg5 23. Qf2 Nf6 24. Rad1 Bc6 25. Ne2 d5 26. h4 Qg6 27. Nf4 Qf7 28.
cxd5 Nxd5 29. Nxd5 Rxd5 30. Rxd5 Rxd5 31. Rxd5 Bxd5 32. Qg3 Bb7 33. Bd4 Qe7 34.
Qb8+ Kh7 35. Qe5 Ba6 36. Bxf5+ Kg8 37. Bxc5 bxc5 38. Bxe6+ Kh8 39. Qb8+ Kh7 40.
Bg8+ Kg6 41. Qg3+ Kf6 42. Qf4+ Kg6 43. h5+ 1-0

[Event "19. Wch 2009 Veteranos"]
[Site "Condino ITA"]
[Date "2009.11.06"]
[Round "10.12"]
[White "Tseitlin, Mark D"]
[Black "Kernazhitsky, Leonid"]
[Result "1/2-1/2"]
[WhiteElo "2394"]
[BlackElo "2327"]
[PlyCount "151"]
[EventDate "2009.10.27"]
[EventType "swiss"]
[EventRounds "11"]
[EventCountry "ITA"]
[Source "lmi"]
[SourceDate "2009.10.27"]

1. e4 c5 2. Nf3 Nc6 3. Bb5 g6 4. Bxc6 dxc6 5. d3 Bg7 6. h3 Nf6 7. Nc3 Nd7 8.
O-O e5 9. Bg5 f6 10. Be3 Qe7 11. Nd2 Nf8 12. f4 exf4 13. Bxf4 Ne6 14. Bg3 O-O
15. Nc4 Rd8 16. a4 b6 17. Bh4 Ba6 18. Ne5 Rf8 19. Nxc6 Qd7 20. Nd5 Rae8 21. b4
cxb4 22. Ncxb4 Bb7 23. Bxf6 Rxf6 24. Rxf6 a5 25. Qf3 axb4 26. Rf1 Bxd5 27. Rf7
Qd8 28. exd5 Ng5 29. Rxg7+ Kxg7 30. Qf2 Qxd5 31. Qxb6 Re2 32. Qf6+ Kh6 33. Qf8+
Kh5 34. Rf2 Qd4 35. Qf4 Qxf4 36. Rxf4 Rxc2 37. Rxb4 Rd2 38. d4 Ne6 39. a5 Rxd4
40. Rxd4 Nxd4 41. a6 Nc6 42. Kf2 Kg5 43. Ke3 Kf5 44. g4+ Ke5 45. h4 h6 46. Kf3
g5 47. hxg5 hxg5 48. Ke3 Kd5 49. Kd2 Kd4 50. Ke2 Na7 51. Kd2 Nb5 52. Kc2 Ke3
53. Kb3 Kd4 54. Kb4 Na7 55. Kb3 Nc6 56. Kb2 Kc4 57. Kc1 Kc3 58. Kb1 Kd2 59. Kb2
Na7 60. Kb3 Kd3 61. Kb2 Kc4 62. Kc2 Kd4 63. Kb3 Kc5 64. Kc3 Nb5+ 65. Kd3 Kd5
66. Ke3 Na7 67. Kd3 Nc8 68. Kc3 Nd6 69. Kd3 Nb5 70. Ke3 Ke5 71. Kd3 Nc7 72. a7
Kd5 73. Ke3 Na8 74. Kd3 Nc7 75. Ke3 Ke5 76. Kd3 1/2-1/2

[Event "19. Wch 2009 Veteranos"]
[Site "Condino ITA"]
[Date "2009.11.06"]
[Round "10.13"]
[White "Karasev, Vladimir I"]
[Black "Onoprienko, Vladimir"]
[Result "1/2-1/2"]
[WhiteElo "2365"]
[BlackElo "2324"]
[PlyCount "215"]
[EventDate "2009.10.27"]
[EventType "swiss"]
[EventRounds "11"]
[EventCountry "ITA"]
[Source "lmi"]
[SourceDate "2009.10.27"]

1. c4 e5 2. Nc3 Nf6 3. g3 d5 4. cxd5 Nxd5 5. Bg2 Nb6 6. Nf3 Nc6 7. d3 Be7 8.
O-O O-O 9. a3 Be6 10. b4 f5 11. b5 Nd4 12. Nd2 c6 13. a4 cxb5 14. axb5 Bb4 15.
Na2 Bxd2 16. Bxd2 Bb3 17. Qe1 Nc2 18. Qb1 Nxa1 19. Bxb7 Bd5 20. Bxa8 Bxa8 21.
Nb4 e4 22. Nc6 Bxc6 23. bxc6 Qd5 24. Qxa1 Qxc6 25. Qxa7 Ra8 26. Qe7 exd3 27.
exd3 Re8 28. Qg5 Qd7 29. Bc3 Nd5 30. Bb2 Nb4 31. Rd1 Re2 32. Bc3 Nd5 33. Bd4 h6
34. Qh5 Re6 35. Rf1 Ne7 36. Bc5 Qxd3 37. Rd1 Qc2 38. Be3 Ng6 39. Qf3 Ne5 40.
Qd5 Qc6 41. Qxc6 Nxc6 42. Rd5 Ne7 43. Rd8+ Kf7 44. h4 Re5 45. Kg2 Rd5 46. Ra8
Rd7 47. Bc5 Nd5 48. Kf3 Nf6 49. Kf4 Nh5+ 50. Ke3 Nf6 51. Ke2 Kg6 52. Ra6 Kf7
53. Ra5 Kg6 54. Be3 Rd5 55. Ra6 Kf7 56. Ra7+ Rd7 57. Ra6 Nd5 58. Bd2 Nf6 59. f3
Rb7 60. Ra2 Kg6 61. Kf2 Kf7 62. Bc3 Nd5 63. Bd4 Rd7 64. Ra4 Nf6 65. Be5 Ke6 66.
Bc3 Nd5 67. Ra6+ Kf7 68. Be1 Nf6 69. Ra5 Rd5 70. Ra4 Rd7 71. Rf4 Ke6 72. Rc4
Ra7 73. Rc6+ Kf7 74. Rc2 Rd7 75. Ba5 Rd5 76. Bd2 Rd7 77. Bf4 Nd5 78. Bd2 Nf6
79. Ra2 Nd5 80. Ra5 Ke6 81. Ke2 Kf7 82. Ra6 Nf6 83. Ra4 Re7+ 84. Kf2 Rd7 85.
Be3 Nd5 86. Bd4 Nf6 87. Kg2 Nd5 88. Kh3 Ke6 89. h5 Kf7 90. Kh4 Nf6 91. Rc4 Nd5
92. g4 fxg4 93. fxg4 Re7 94. Rc5 Nf6 95. Rf5 Re4 96. Bxf6 gxf6 97. Ra5 Re7 98.
Kg3 Kg7 99. Kf4 Rb7 100. Kf5 Re7 101. Ra4 Kf7 102. Ra6 Re5+ 103. Kf4 Re7 104.
Ra4 Rb7 105. Ke4 Re7+ 106. Kd5 Re5+ 107. Kd6 Re6+ 108. Kd5 1/2-1/2

[Event "19. Wch 2009 Veteranos"]
[Site "Condino ITA"]
[Date "2009.11.06"]
[Round "10.14"]
[White "Buxade, Roca Guillermo"]
[Black "Jakobsen, Ole"]
[Result "1/2-1/2"]
[WhiteElo "2175"]
[BlackElo "2344"]
[PlyCount "157"]
[EventDate "2009.10.27"]
[EventType "swiss"]
[EventRounds "11"]
[EventCountry "ITA"]
[Source "lmi"]
[SourceDate "2009.10.27"]

1. e4 c5 2. Nc3 a6 3. g3 b5 4. Bg2 Bb7 5. d3 e6 6. Nf3 d6 7. O-O Nd7 8. a3 Ngf6
9. Qe2 Be7 10. Nd1 O-O 11. Ne3 Qc7 12. b3 d5 13. exd5 Nxd5 14. Nxd5 Bxd5 15.
Bb2 Bf6 16. Bxf6 Nxf6 17. Rfd1 Rad8 18. c4 bxc4 19. dxc4 Bxf3 20. Bxf3 a5 21.
Rxd8 Rxd8 22. Rd1 Rxd1+ 23. Qxd1 g6 24. Qd2 Nd7 25. Qc3 f6 26. b4 axb4 27. axb4
cxb4 28. Qxb4 Nc5 29. Qb5 Kf8 30. h4 h5 31. Qb1 Kg7 32. Kg2 Qd6 33. Qa1 Qe7 34.
Qa3 Qc7 35. Qe3 Qe7 36. Qa3 Kh7 37. Kf1 Qc7 38. Kg2 Kg7 39. Kf1 Kf7 40. Kg2 Nd7
41. Qc1 Kg7 42. Qc3 Qc5 43. Qb3 Ne5 44. Qb8 Qxc4 45. Qb7+ Nf7 46. Qd7 Kf8 47.
Bc6 g5 48. hxg5 fxg5 49. Bf3 g4 50. Bb7 Qb4 51. Bc6 Qe7 52. Qd4 Qd6 53. Qc3 Qe5
54. Qd3 Kg7 55. Be4 Nd6 56. Ba8 Nf7 57. Be4 Ng5 58. Bc6 Qf6 59. Qd7+ Kh6 60.
Qd2 Qf5 61. Qd4 Kh7 62. Qd7+ Qf7 63. Be4+ Kg7 64. Qd4+ Qf6 65. Qd7+ Kh6 66. Qd2
Qe5 67. Bc6 Qf5 68. Qb2 e5 69. Bb7 Qf6 70. Qd2 Kg6 71. Qd3+ Kg7 72. Qd7+ Qf7
73. Qb5 Qe7 74. Bd5 e4 75. Qc6 Qe5 76. Qb7+ Kf6 77. Qc6+ Kg7 78. Qb7+ Kh6 79.
Qc6+ 1/2-1/2

[Event "19. Wch 2009 Veteranos"]
[Site "Condino ITA"]
[Date "2009.11.06"]
[Round "10.15"]
[White "Altshul, Raffael"]
[Black "Gutkin, Boris"]
[Result "1/2-1/2"]
[WhiteElo "2343"]
[BlackElo "2255"]
[PlyCount "68"]
[EventDate "2009.10.27"]
[EventType "swiss"]
[EventRounds "11"]
[EventCountry "ITA"]
[Source "lmi"]
[SourceDate "2009.10.27"]

1. Nf3 Nf6 2. g3 g6 3. b3 Bg7 4. Bb2 O-O 5. Bg2 d6 6. d4 e5 7. dxe5 Ng4 8. Nc3
Nxe5 9. Nxe5 Bxe5 10. Qd2 c6 11. O-O d5 12. Na4 Nd7 13. Rad1 Qe7 14. Rfe1 Bxb2
15. Nxb2 Nc5 16. c4 dxc4 17. Nxc4 Be6 18. Qc3 Bxc4 19. Qxc4 Rfd8 20. Bf3 a5 21.
Qc3 Rd7 22. h4 h5 23. Kg2 a4 24. b4 Rxd1 25. Rxd1 Ne6 26. a3 Nc7 27. Rd3 Nb5
28. Qd2 Qf6 29. Qd1 Qb2 30. Rd7 Rb8 31. Rd3 Ra8 32. Rd7 Rb8 33. Rd3 Ra8 34. Rd7
Rb8 1/2-1/2

[Event "19. Wch 2009 Veteranos"]
[Site "Condino ITA"]
[Date "2009.11.06"]
[Round "10.16"]
[White "Ivanets, Vladimir"]
[Black "Kuindzhy, Alexander"]
[Result "0-1"]
[WhiteElo "2231"]
[BlackElo "2420"]
[PlyCount "80"]
[EventDate "2009.10.27"]
[EventType "swiss"]
[EventRounds "11"]
[EventCountry "ITA"]
[Source "lmi"]
[SourceDate "2009.10.27"]

1. b4 e5 2. Bb2 Bxb4 3. Bxe5 Nf6 4. e3 Nc6 5. Bb2 d5 6. Nf3 Bf5 7. Bb5 O-O 8.
O-O Re8 9. a3 Bd6 10. Nc3 a6 11. Be2 Qe7 12. a4 Rad8 13. a5 Bb4 14. Ra4 Bxa5
15. Bd3 Ne4 16. Qa1 Bxc3 17. dxc3 f6 18. c4 dxc4 19. Bxc4+ Kh8 20. Bd3 Nb4 21.
Nh4 Bd7 22. Ra5 Nxd3 23. cxd3 Nd2 24. Rh5 Qf7 25. Rh6 Nxf1 26. Rxf6 gxf6 27.
Bxf6+ Kg8 28. Nf3 Bc6 29. Ng5 Qd5 30. e4 Qxd3 31. Bxd8 Qxd8 32. Qa2+ Bd5 33.
exd5 Qxg5 34. d6+ Kh8 35. d7 Rg8 36. g3 Ne3 37. Qe6 Ng4 38. Qe8 Qc1+ 39. Kg2
Qc6+ 40. Kf1 Nxh2+ 0-1

[Event "19. Wch 2009 Veteranos"]
[Site "Condino ITA"]
[Date "2009.11.06"]
[Round "10.17"]
[White "Shvedchikov, Anatoli I"]
[Black "Karl, Hans"]
[Result "1-0"]
[WhiteElo "2411"]
[BlackElo "2229"]
[PlyCount "51"]
[EventDate "2009.10.27"]
[EventType "swiss"]
[EventRounds "11"]
[EventCountry "ITA"]
[Source "lmi"]
[SourceDate "2009.10.27"]

1. c4 c5 2. Nf3 g6 3. d4 Bg7 4. d5 d6 5. g3 Na6 6. Bg2 Bd7 7. Nc3 Nc7 8. a4 Nf6
9. O-O O-O 10. h3 Rb8 11. Re1 a6 12. e4 b5 13. axb5 axb5 14. e5 Nfe8 15. b3
bxc4 16. bxc4 dxe5 17. Nxe5 Nd6 18. Bf1 Nf5 19. Bf4 g5 20. Bd2 Bxe5 21. Rxe5 f6
22. Re1 e5 23. Ne4 Nd4 24. Nxc5 Bf5 25. Ne4 Rb2 26. Bc3 1-0

[Event "19. Wch 2009 Veteranos"]
[Site "Condino ITA"]
[Date "2009.11.06"]
[Round "10.18"]
[White "Zelkind, Eduard"]
[Black "Plachetka, Jan"]
[Result "0-1"]
[WhiteElo "2205"]
[BlackElo "2378"]
[PlyCount "128"]
[EventDate "2009.10.27"]
[EventType "swiss"]
[EventRounds "11"]
[EventCountry "ITA"]
[Source "lmi"]
[SourceDate "2009.10.27"]

1. e4 e5 2. Nf3 Nc6 3. Bc4 Bc5 4. c3 d6 5. d4 exd4 6. cxd4 Bb6 7. h3 Nf6 8. Nc3
O-O 9. O-O Nxe4 10. Nxe4 d5 11. Bg5 f6 12. Bxf6 gxf6 13. Bb3 Kh8 14. Nc5 Qd6
15. Rc1 Rg8 16. Kh1 Ne7 17. Qd2 c6 18. Bc2 Bc7 19. Qh6 Rg7 20. Rfe1 b6 21. Nb3
Bd7 22. Nbd2 Nf5 23. Bxf5 Bxf5 24. Nf1 Rag8 25. Ng3 Be4 26. Rxe4 dxe4 27. Nxe4
Qf4 28. Qxf4 Bxf4 29. Rxc6 Rxg2 30. Nxf6 R2g6 31. d5 Rf8 32. Nd7 Rd8 33. Nf6
Rf8 34. Nd7 Rxc6 35. dxc6 Re8 36. Nd4 Re4 37. Nb5 a6 38. Nc3 Rc4 39. Nxb6 Rxc6
40. Nbd5 Bc1 41. b3 Bd2 42. Ne4 Rc2 43. a4 a5 44. Kg2 Rb2 45. Nc5 Kg7 46. Kf3
Be1 47. Nd3 Rxb3 48. Ke4 Bd2 49. f4 Ra3 50. Nb6 Bb4 51. f5 Be7 52. Nf4 Kf7 53.
Nfd5 Rxh3 54. Ke5 Rh4 55. Nxe7 Kxe7 56. Nc8+ Kd8 57. Nd6 Rxa4 58. Ke6 Ra1 59.
f6 Re1+ 60. Kf7 a4 61. Nb7+ Kc7 62. Nc5 a3 63. Kg7 a2 64. Nb3 h5 0-1

[Event "19. Wch 2009 Veteranos"]
[Site "Condino ITA"]
[Date "2009.11.06"]
[Round "10.19"]
[White "Malisov, Boris"]
[Black "Rosino, Antonio"]
[Result "1/2-1/2"]
[WhiteElo "2377"]
[BlackElo "2229"]
[PlyCount "95"]
[EventDate "2009.10.27"]
[EventType "swiss"]
[EventRounds "11"]
[EventCountry "ITA"]
[Source "lmi"]
[SourceDate "2009.10.27"]

1. e4 e5 2. Bc4 Nf6 3. d3 c6 4. Nf3 d5 5. exd5 cxd5 6. Bb5+ Bd7 7. Bxd7+ Nbxd7
8. O-O Bd6 9. c4 O-O 10. Nc3 d4 11. Ne2 Nh5 12. g4 Nhf6 13. h3 Re8 14. Ng3 Nc5
15. Re1 a5 16. b3 Qc7 17. Ng5 h6 18. N5e4 Nfxe4 19. Nxe4 Nxe4 20. Rxe4 Qd7 21.
Qf3 f5 22. gxf5 Rf8 23. Rg4 Rxf5 24. Qd5+ Kh7 25. Ba3 Rd8 26. Bxd6 Qxd6 27.
Qxb7 Rd7 28. Qe4 Rdf7 29. Rg2 g6 30. Re1 Rf3 31. Qxe5 Qxe5 32. Rxe5 a4 33. b4
Rxd3 34. c5 Rd1+ 35. Kh2 d3 36. Rd5 g5 37. c6 d2 38. f4 Rxf4 39. a3 Rc1 40.
Rd7+ Kg6 41. Rdxd2 Rxc6 42. Rb2 Rf3 43. h4 Rxa3 44. hxg5 hxg5 45. Ra2 Rcc3 46.
Rxa3 Rxa3 47. b5 Rb3 48. Rg4 1/2-1/2

[Event "19. Wch 2009 Veteranos"]
[Site "Condino ITA"]
[Date "2009.11.06"]
[Round "10.20"]
[White "Zoltek, Tadeusz"]
[Black "Busu, Corneliu"]
[Result "1/2-1/2"]
[WhiteElo "2214"]
[BlackElo "2320"]
[PlyCount "82"]
[EventDate "2009.10.27"]
[EventType "swiss"]
[EventRounds "11"]
[EventCountry "ITA"]
[Source "lmi"]
[SourceDate "2009.10.27"]

1. Nf3 Nf6 2. d4 e6 3. g3 b6 4. Bg2 Bb7 5. O-O Be7 6. c4 O-O 7. Nc3 d5 8. cxd5
exd5 9. Bg5 Nbd7 10. Rc1 Ne4 11. Bxe7 Qxe7 12. Qb3 Ndf6 13. Qc2 Rac8 14. Bh3
Nxc3 15. Qxc3 Ne4 16. Qc2 f5 17. Nh4 g6 18. Qd3 Rfe8 19. e3 Rf8 20. Nf3 Qb4 21.
Rc2 c5 22. dxc5 bxc5 23. Bg2 Qa5 24. b3 Rfd8 25. Rfc1 Qb6 26. Bf1 Rb8 27. Bg2
Rbc8 28. Qd1 Qd6 29. Qe1 d4 30. exd4 cxd4 31. Rxc8 Rxc8 32. Rxc8+ Bxc8 33. Nd2
Nxd2 34. Qxd2 Qc5 35. Bf1 Bb7 36. Bc4+ Kg7 37. h4 Qe5 38. Qe2 Qe4 39. f3 Qxf3
40. Qe7+ Kh6 41. Qg5+ Kg7 1/2-1/2

[Event "19. Wch 2009 Veteranos"]
[Site "Condino ITA"]
[Date "2009.11.06"]
[Round "10.21"]
[White "Wahlbom, Magnus"]
[Black "Anguera, Maestro Jaime"]
[Result "1/2-1/2"]
[WhiteElo "2318"]
[BlackElo "2235"]
[PlyCount "62"]
[EventDate "2009.10.27"]
[EventType "swiss"]
[EventRounds "11"]
[EventCountry "ITA"]
[Source "lmi"]
[SourceDate "2009.10.27"]

1. e4 b6 2. d4 Bb7 3. Nc3 g6 4. Nf3 Bg7 5. Be2 d6 6. O-O Nd7 7. a4 a6 8. d5 c5
9. Bf4 h6 10. Qd2 Ngf6 11. Rfe1 g5 12. Bg3 Nh5 13. Nd1 Nxg3 14. hxg3 Nf8 15. c3
Ng6 16. Ne3 Bc8 17. Nf5 Bf6 18. g4 Bxf5 19. exf5 Ne5 20. Nh2 Kf8 21. Nf1 Nd7
22. g3 Qc7 23. Kg2 Kg7 24. f4 c4 25. Nh2 b5 26. Nf3 Nc5 27. Rab1 Nb3 28. Qc2
bxa4 29. Rh1 Qc5 30. Rbd1 Rac8 31. Rh5 Qe3 1/2-1/2

[Event "19. Wch 2009 Veteranos"]
[Site "Condino ITA"]
[Date "2009.11.06"]
[Round "10.22"]
[White "Nickl, Klaus"]
[Black "Arkhangelsky, Boris"]
[Result "1/2-1/2"]
[WhiteElo "2151"]
[BlackElo "2292"]
[PlyCount "28"]
[EventDate "2009.10.27"]
[EventType "swiss"]
[EventRounds "11"]
[EventCountry "ITA"]
[Source "lmi"]
[SourceDate "2009.10.27"]

1. d4 Nf6 2. Nf3 e6 3. e3 c5 4. Bd3 Nc6 5. c3 Qc7 6. O-O d5 7. Nbd2 e5 8. Nxe5
Nxe5 9. dxe5 Qxe5 10. e4 Be7 11. exd5 Qxd5 12. Ne4 Be6 13. Nxf6+ Bxf6 14. Bb5+
Ke7 1/2-1/2

[Event "19. Wch 2009 Veteranos"]
[Site "Condino ITA"]
[Date "2009.11.06"]
[Round "10.23"]
[White "Feller, Josy"]
[Black "Wittmann, Walter"]
[Result "1/2-1/2"]
[WhiteElo "2196"]
[BlackElo "2291"]
[PlyCount "50"]
[EventDate "2009.10.27"]
[EventType "swiss"]
[EventRounds "11"]
[EventCountry "ITA"]
[Source "lmi"]
[SourceDate "2009.10.27"]

1. e4 c5 2. c3 d5 3. exd5 Qxd5 4. d4 Nf6 5. Nf3 Nc6 6. Be3 e5 7. c4 Qd6 8. dxe5
Qxd1+ 9. Kxd1 Ng4 10. h3 Nxe3+ 11. fxe3 Bf5 12. Nc3 O-O-O+ 13. Kc1 Re8 14. Kd2
Nxe5 15. Nxe5 Rxe5 16. Bd3 Be6 17. Rhf1 Be7 18. Rf3 Rd8 19. Ke2 f5 20. Raf1 g6
21. b3 Rd7 22. Bc2 a6 23. Rd1 Rxd1 24. Kxd1 Kd7 25. e4 fxe4 1/2-1/2

[Event "19. Wch 2009 Veteranos"]
[Site "Condino ITA"]
[Date "2009.11.06"]
[Round "10.25"]
[White "Rooze, Jan"]
[Black "Vogel, Jaap"]
[Result "1/2-1/2"]
[WhiteElo "2253"]
[BlackElo "2213"]
[PlyCount "40"]
[EventDate "2009.10.27"]
[EventType "swiss"]
[EventRounds "11"]
[EventCountry "ITA"]
[Source "lmi"]
[SourceDate "2009.10.27"]

1. e4 e6 2. d4 d5 3. Nd2 Nf6 4. e5 Nfd7 5. Bd3 c5 6. c3 Nc6 7. Ne2 cxd4 8. cxd4
f6 9. exf6 Nxf6 10. Nf3 Bd6 11. O-O Qc7 12. Bg5 O-O 13. Rc1 Bd7 14. Ng3 Ng4 15.
Bb1 Qb6 16. Rc3 Kh8 17. Rb3 Qc7 18. Qc2 g6 19. Bd2 Rac8 20. Rd3 Nb4 1/2-1/2

[Event "19. Wch 2009 Veteranos"]
[Site "Condino ITA"]
[Date "2009.11.06"]
[Round "10.26"]
[White "Simon, Padros Emili"]
[Black "Gutzeit, Avraham"]
[Result "1/2-1/2"]
[WhiteElo "2237"]
[BlackElo "2140"]
[PlyCount "41"]
[EventDate "2009.10.27"]
[EventType "swiss"]
[EventRounds "11"]
[EventCountry "ITA"]
[Source "lmi"]
[SourceDate "2009.10.27"]

1. e4 e5 2. d4 exd4 3. Qxd4 Nc6 4. Qe3 Nf6 5. Nc3 Bb4 6. Bd2 O-O 7. O-O-O d6 8.
Qg3 Nh5 9. Qf3 Nf6 10. Qg3 Nh5 11. Qe3 Re8 12. f3 Be6 13. g4 Nf6 14. a3 Bc5 15.
Qe1 a6 16. Bg5 b5 17. Bd3 b4 18. axb4 Bxb4 19. Nge2 Ne5 20. f4 Nf3 21. Bxf6
1/2-1/2